Zgadnij narodowość piłkarza - Statystyki

Ogólne statystyki
  • Ten quiz został rozwiązany 228 razy
  • Średni wynik to 13 z 15
Statystyki odpowiedzi
Hint Odpowiedź % Poprawnych
Frenkie de Jong Holandia | Niderlandy
95%
Gareth Bale Walia
95%
Benjamin Pavard Francja
93%
Bernardo Silva Portugalia
93%
Koke Hiszpania
92%
Jamie Vardy Anglia
90%
Jamal Musiala Niemcy
90%
Lautaro Martínez Argentyna
88%
Éder Militão Brazylia
88%
Nemanja Matić Serbia
87%
Marcel Sabitzer Austria
86%
Dayot Upamecano Francja
86%
Federico Valverde Urugwaj
84%
Pierre-Emerick Aubameyang Gabon
81%
Sebastián Coates Urugwaj
64%
Nie znaleziono quizów pasujących do podanych kryteriów
Rozkład punktacji
Procent ludzi z każdym wynikiem
Percentyl według liczby udzielonych odpowiedzi
Twoja historia wyników
Nie rozwiązałeś tego quizu